Designing and Assessing Course and Curricula : A Practical Guide /

Guardat en:
Dades bibliogràfiques
Autor principal: Diamond, Robert M. (autor)
Format: Llibre
Idioma:anglès
Publicat: San Francisco, EUA : Jossey-Bass, 2008, c2008
Edició:3a edición
Matèries:
Etiquetes: Afegir etiqueta
Sense etiquetes, Sigues el primer a etiquetar aquest registre!

MARC

LEADER 00000nam^a2200000^a^4500
001 000317198
005 20250521000000.0
009 20260310113335.737
020 |a 978-0-470-26134-7 
037 |a Acervo ITESO - Biblioteca 
041 |a ING 
082 |a 375. 001  |b DIA 
100 |a Diamond, Robert M.  |e (autor) 
245 1 0 |a Designing and Assessing Course and Curricula :  |b A Practical Guide /  |c R.M. Diamond. 
250 |a 3a edición 
264 4 |a San Francisco, EUA :  |b Jossey-Bass,  |c 2008, c2008 
300 |a XXIV, 487 p. 
336 |a texto  |b txt  |2 rdacontenido 
337 |a sin mediación  |b n  |2 rdamedio 
338 |a volumen  |b nc  |2 rdasoporte 
649 |a XX 
650 |a Diseño y Revisión Curricular -  |x Tema Principal 
650 |a Currículo 
650 |a Planeación Educativa 
650 |a Educación de Adultos 
650 |a Educación a Distancia 
650 |a Educación Superior -  |x Tema Principal 
910 |a Fondo General 
920 |a Impresos - Libros 
930 |a Colección General 
905 |a 101 
901 |a 0500204235  |b IT1  |c ACC  |i C130149  |u 20250521 
902 |a https://opac.biblio.iteso.mx/vufind/Record/000317198